Kegigihan Kunci Kejayaan

Bibliographic Details
Main Author: Schuller, Robert H.
Corporate Author: Title
Format: Book
Published: Selangor : Thinker's Library , 2002
Subjects:

MARC

LEADER 00000cam a2200000 7i4500
001 0000012374
005 20150201.0
008 071213
020 |a 9676903701 
090 0 0 |a 158   |b SCH 
100 1 |a Schuller, Robert H. 
245 1 0 |a Kegigihan Kunci Kejayaan   |c Robert H. Schuller 
260 |a Selangor :   |b Thinker's Library ,   |c 2002 
500 |a Judul asal : Tough time never last, but tough people do! 
650 0 |a Malay fiction 
650 0 |a Motivation (Psychology) 
650 0 |a Success   |x Psychological aspects 
710 0 |a Title 
999 |a 0000796340   |b Book   |c Adult Collection   |e Cawangan Segamat 
999 |a 0000816629   |b Book   |c Adult Collection   |e Cawangan Mersing 
999 |a 0001004790   |b Book   |c Adult Collection   |e Perbadanan Perpustakaan Awam Johor 
999 |a 0001058647   |b Book   |c Adult Collection   |e Cawangan Bandar Penawar 
999 |a 0001058648   |b Book   |c Adult Collection   |e Cawangan Bandar Penawar 
999 |a 0001058649   |b Book   |c Adult Collection   |e Perbadanan Perpustakaan Awam Johor